| 000 | 00421nam a2200169Ia 4500 | ||
|---|---|---|---|
| 003 | GCL | ||
| 008 | 140319s9999 xx 000 0 eng d | ||
| 040 |
_aGCL / _cGCL |
||
| 082 | 0 | 4 |
_a860 _bD P |
| 100 | 1 | _aDIEGO, GERARDO | |
| 245 | 1 | 0 |
_aPOEMAS MENORES / _cDIEGO, GERARDO |
| 260 |
_a[S.N] : _bA LIANZA EDITORIAL ، _c1980 |
||
| 300 | _a142 P | ||
| 650 | 0 | 4 | _aLITERATURE |
| 650 | 0 | 4 | _aSPANISH LITERATURE |
| 942 |
_2ddc _cBK |
||
| 999 |
_c23637 _d23637 |
||